000
00219 a2200097 4500
001
45169
100
_a
Pippard pritchard
245
_a
Aeroplane structures
260
_a
London
_b
Longmans & Co
_c
090
_c
28368
_d
28368
942
_a
NUST-CAE
_c
M
_c
20411
999
_c
280242
_d
280242